oh! darling - the beatles lyrics quiz - Statistics

General Stats
  • This quiz has been taken 102 times
  • The average score is 150 of 169
Answer Stats
Answer % Correct
darling
100%
i
100%
me
100%
never
100%
oh
100%
you
100%
believe
98%
do
98%
please
98%
no
96%
when
96%
harm
94%
tell
94%
i'll
93%
told
83%
alone
81%
anymore
81%
leave
81%
if
80%
and
78%
down
78%
it
78%
cried
76%
need
74%
make
72%
didn't
69%
don't
69%
know,
69%
know
69%
nearly
65%
broke
63%
well
63%
died
59%
ever
56%
let
46%
beg
43%
No matching quizzes found
Score Distribution
Percent of People with Each Score
Percentile by Number Answered
Your Score History
You have not taken this quiz